01234nam a2200325Ia 450000500170000000800410001702000190005810000350007724501290011225000200024130000510026149000220031252100610033453400260039565000510042165000510047265000360052365000390055965000370059870000430063570000420067894200150072026400240073533600270075933700330078633800280081904000350084708400110088299900150089320220317001057.0160825s2008 sp a g 000 0 spa  a978843482080121 aNöstlinger, Christinad1936-10aQuerida abuela... tu SusicChristine Nöstlinger ; traducido por Marinella Terzi ; ilustrado por Christine Nöstlinger, jr a29a. edición  a91 páginas bilustraciones en color c26 cm  aEl barco de vapor aRecomendado para un público infantil mayor de 7 años tLiebe Oma, Deine Susi142LEMBaCuentos infantiles austriacos ySiglo XX142LEMBaLiteratura infantil austriaca ySiglo XX142LEMBaAbuelas en la literatura 142LEMBaVacaciones en la literatura 142LEMB aAmistad en la literatura 1 aNöstlinger, Christinad1936- 9653621 aTerzi Huguet, Marinellad1958-965363 2loccBKINF aMadridbS. M.c2008 atextobtxt2rdacontent asin mediaciónbn2rdamedia avolumenbnc2rdacarrier aCO-BoRNBPbspaerdacCO-BoRNBP aC NOS1 c5861d5861